000 00534nam a2200193 a 4500
001 1777538927205
003 YourLibrary
005 20260430142048.0
008 260430s2003##################000#0#eng##
020 _a9781840649116
082 0 4 _a388
_bBUT
100 1 _aButton, Kenneth John,
_eauthor.
245 1 0 _aRecent Developments in Transport Economics :
260 _bEdward Elgar Publishing,
_c2003.
300 _a760 pages
650 0 _aBusiness & Economics.
942 _cENGLISH
040 _aYourLibrary
_beng
_cYourLibrary
999 _c621689
_d621689